Analýza rizík fotovoltického systému inštalovaného na UIBE MTF STU v Trnave

Enregistré dans:
Détails bibliographiques
Auteur principal: Liščák, Branislav (Auteur)
Autres auteurs: Blinová, Lenka (Directeur de thèse)
Format: Manuscrit Livre
Langue:slovaque
Publié: 2024
Sujets:
Accès en ligne:http://is.stuba.sk/zp/portal_zp.pl?podrobnosti=186068
Tags: Ajouter un tag
Pas de tags, Soyez le premier à ajouter un tag!

MARC

LEADER 00000ntm a22000003a 4500
001 stuzp99117
003 SK-STU
005 20240629212627.3
007 ta
008 150427s2015----xo-----f-mn---000-0-slo-d
040 |a STU  |b slo 
041 0 |a slo 
100 1 |a Liščák, Branislav  |u 065000  |4 aut  |U MTF Materiálovotechnologická fakulta  |T MTF Ústav integrovanej bezpečnosti  |X 116435  |U M5000  |Y 85  |7 116435 
242 0 1 |a Risk analysis of the photovoltaic system installed at UIBE MTF STU in Trnava  |y eng 
245 1 0 |a Analýza rizík fotovoltického systému inštalovaného na UIBE MTF STU v Trnave 
260 |c 2024 
650 4 |a fotovoltika  |2 slo 
650 4 |a Checklist  |2 slo 
650 4 |a What-if analýza  |2 slo 
650 4 |a analýza rizík  |2 slo 
650 4 |a Bodová metóda  |2 slo 
650 4 |a photovoltaics  |2 eng 
650 4 |a risk analysis  |2 eng 
650 4 |a What-if analysis  |2 eng 
650 4 |a Point method  |2 eng 
650 4 |a Checklist  |2 eng 
700 1 |a Blinová, Lenka  |u 065100  |k Z1  |4 ths  |U MTF Ústav integrovanej bezpečnosti  |T MTF Katedra environmentálneho inžinierstva  |X 34036  |U M5100  |Y 194  |7 A000034036 
856 4 |u http://is.stuba.sk/zp/portal_zp.pl?podrobnosti=186068 
996 |c M* BP-9801  |l MMSKP  |s P  |a 0  |w stuzp99117_0001